ARRUPE JESUIT UNIVERSITY

CORONAVIRUS -STOP THE SPREAD - CLEAN,DISINFECT,COVER

Johann Gottlieb Fichte's popular works (Record no. 123688)

MARC details
000 -LEADER
fixed length control field 01677cam a2200397Ka 4500
001 - CONTROL NUMBER
control field 7969863
003 - CONTROL NUMBER IDENTIFIER
control field ARRUPE
005 - DATE AND TIME OF LATEST TRANSACTION
control field 20151112101923.0
006 - FIXED-LENGTH DATA ELEMENTS--ADDITIONAL MATERIAL CHARACTERISTICS--GENERAL INFORMATION
fixed length control field m d
007 - PHYSICAL DESCRIPTION FIXED FIELD--GENERAL INFORMATION
fixed length control field cr bn||||||abp
007 - PHYSICAL DESCRIPTION FIXED FIELD--GENERAL INFORMATION
fixed length control field cr bn||||||ada
008 - FIXED-LENGTH DATA ELEMENTS--GENERAL INFORMATION
fixed length control field 100423s1873 enk o 000 0 eng d
035 ## - SYSTEM CONTROL NUMBER
System control number (OCoLC)ocn609150094
035 ## - SYSTEM CONTROL NUMBER
System control number (OCoLC)609150094
040 ## - CATALOGING SOURCE
Original cataloging agency OCLCE
Language of cataloging eng
Transcribing agency OCLCE
Modifying agency OCLCQ
041 1# - LANGUAGE CODE
Language code of text/sound track or separate title eng
Language code of original and/or intermediate translations of text ger
043 ## - GEOGRAPHIC AREA CODE
Geographic area code e-gx---
049 ## - LOCAL HOLDINGS (OCLC)
Holding library ZCUA
050 #4 - LIBRARY OF CONGRESS CALL NUMBER
Classification number B2808
Item number .S66 1873
082 04 - DEWEY DECIMAL CLASSIFICATION NUMBER
Classification number 193.3
300 ## - PHYSICAL DESCRIPTION
Dimensions 25cm.
100 1# - MAIN ENTRY--PERSONAL NAME
Personal name Fichte, Johann Gottlieb,
Dates associated with a name 1762-1814.
9 (RLIN) 3964
245 10 - TITLE STATEMENT
Title Johann Gottlieb Fichte's popular works
Remainder of title the nature of the scholar ; the vocation of man ; the doctrine of religion /
Statement of responsibility, etc with a memoir by William Smith.
246 30 - VARYING FORM OF TITLE
Title proper/short title Popular works
260 ## - PUBLICATION, DISTRIBUTION, ETC. (IMPRINT)
Place of publication, distribution, etc Milton Keynes, UK :
Name of publisher, distributor, etc Lightning Source,
Date of publication, distribution, etc 2013.
300 ## - PHYSICAL DESCRIPTION
Extent 182p. ;
506 ## - RESTRICTIONS ON ACCESS NOTE
Materials specified Use copy
Standardized terminology for access restriction Restrictions unspecified
Source of term star
Institution to which field applies MiAaHDL
533 ## - REPRODUCTION NOTE
Type of reproduction Electronic reproduction.
Place of reproduction [S.l.] :
Agency responsible for reproduction HathiTrust Digital Library,
Date of reproduction 2010.
538 ## - SYSTEM DETAILS NOTE
System details note Master and use copy. Digital master created according to Benchmark for Faithful Digital Reproductions of Monographs and Serials, Version 1. Digital Library Federation, December 2002.
Uniform Resource Identifier <a href="http://purl.oclc.org/DLF/benchrepro0212">http://purl.oclc.org/DLF/benchrepro0212</a>
583 1# - ACTION NOTE
Action digitized
Time/date of action 2010
Jurisdiction HathiTrust Digital Library
Status committed to preserve
Source of term pda
Institution to which field applies MiAaHDL
700 1# - ADDED ENTRY--PERSONAL NAME
Personal name Smith, William,
Dates associated with a name 1816-1896.
9 (RLIN) 20767
740 02 - ADDED ENTRY--UNCONTROLLED RELATED/ANALYTICAL TITLE
Uncontrolled related/analytical title Nature of the scholar.
740 02 - ADDED ENTRY--UNCONTROLLED RELATED/ANALYTICAL TITLE
Uncontrolled related/analytical title Vocation of man.
740 02 - ADDED ENTRY--UNCONTROLLED RELATED/ANALYTICAL TITLE
Uncontrolled related/analytical title Doctrine of religion.
776 08 - ADDITIONAL PHYSICAL FORM ENTRY
Display text Print version:
Main entry heading Fichte, Johann Gottlieb, 1762-1814.
Title Johann Gottlieb Fichte's popular works.
Place, publisher, and date of publication London : Trübner, 1873
Record control number (OCoLC)911821
942 ## - ADDED ENTRY ELEMENTS (KOHA)
Source of classification or shelving scheme Library of Congress Classification
Koha item type Monograph ( Printed materials)
Holdings
Withdrawn status Lost status Source of classification or shelving scheme Damaged status Not for loan Collection code Home library Current library Shelving location Date acquired Total Checkouts Full call number Barcode Date last seen Price effective from Koha item type
    Library of Congress Classification     Main Collection ARRUPE LIBRARY ARRUPE LIBRARY Main Collection 29/10/2015   B2808 46500005353 29/10/2015 29/10/2015 Monograph ( Printed materials)

 

Arrupe Library. PO Box MP320 Mt Pleasant, Harare, Zimbabwe
263 242 745411|librarian@aju.ac.zw